Normal view
MARC view
- Tariq Salma
Entry Personal Name
001 - CONTROL NUMBER
- control field: 27653
003 - CONTROL NUMBER IDENTIFIER
- control field: NUST
005 - DATE AND TIME OF LATEST TRANSACTION
- control field: 20200116120330.0
008 - FIXED-LENGTH DATA ELEMENTS
- fixed length control field: 200116|| aca||aabn | a|a d
040 ## - CATALOGING SOURCE
- Original cataloging agency: NUST
- Transcribing agency: NUST
100 ## - HEADING--PERSONAL NAME
- Personal name: Tariq Salma
670 ## - SOURCE DATA FOUND
- Source citation: Work cat.: (NUST): Tariq Salma , "MS/Thesis:Comparison and Identification of Pathways and Genes Associated with Small Cell Lung Cancer and Chronic Obstructive Pulmonary Disease using Transcriptomic Data Analysis", 2019
